Flagi państw graniczących z Chinami - Statystyki

Ogólne statystyki
  • Ten quiz został rozwiązany 46 razy
  • Średni wynik to 12 z 14
Statystyki odpowiedzi
Obrazkowy Odpowiedź % Poprawnych
Indie
98%
Kazachstan
95%
Nepal
95%
Rosja
95%
Korea Północna
93%
Mongolia
93%
Wietnam
93%
Bhutan
90%
Laos
90%
Pakistan
90%
Afganistan
78%
Mjanma
78%
Kirgistan
75%
Tadżykistan
70%
Nie znaleziono quizów pasujących do podanych kryteriów
Rozkład punktacji
Procent ludzi z każdym wynikiem
Percentyl według liczby udzielonych odpowiedzi
Twoja historia wyników
Nie rozwiązałeś tego quizu